Statistics for Call Signs of World Leaders' Aircraft

Click here to take the quiz!

General Stats

  • This quiz has been taken 21 times
  • The average score is 7 of 23

Answer Stats

An Aircraft Carrying the:TypeCall Sign% Correct
President of the United StatesPlaneAir Force One
100%
President of BrazilAnyBrazilian Air Force One
100%
Emperor/Prime Minister of JapanAnyJapanese Air Force One
100%
President of PolandAnyPolish Air Force One
100%
President of the United StatesHelicopterMarine One
50%
Prime Minister of IndiaAnyAir India One
22%
Queen of the United KingdomPlaneKitty Hawk (RAF); Sparrowhawk (chartered)
22%
President of South KoreaPlaneCode One
17%
Queen of the United KingdomHelicopterRainbow
17%
Prime Minister of CanadaAnyCanForce 1
11%
President of LebanonHelicopterCedar 1
11%
President of LebanonPlaneCedar Jet 1
11%
Supreme Leader of North KoreaPlaneChammae-1 (official); Goshawk-1 (private)
11%
President of FranceAnyCotam Unité
11%
President of NigeriaPlaneEagle One
11%
President of KenyaPlaneHarambee One
11%
President of IndonesiaAnyIndonesia One
11%
President of the PhilippinesPlaneKalayaan (Freedom) One
11%
President of PakistanPlanePakistan One
11%
King of JordanPlaneRoyal Jet 8200
11%
President of ArgentinaPlaneTango 01
11%
President of TurkeyPlaneTurkish Republic One
11%
Pope of the Catholic ChurchAnyVolo Papale (within Italy)
11%

Score Distribution

Percentile by Number Answered

Percent of People with Each Score

Your Score History

You have not taken this quiz